Mixed Word: Born in the 70s Quiz Stats

Quiz Updated Oct 14, 2016

Challenge
Share
Tweet
Embed
Score 0/20 Timer 06:00
0 Plays Today
Hint Answer % Correct
GIERT SWODOTiger Woods, b. 1975
92.8%
DIEHI LUMKHeidi Klum, b. 1973
89.9%
KREED REJETDerek Jeter, b. 1974
82.9%
KNIVE THIMSKevin Smith, b. 1970
77.7%
TOYPEN GINNNAMPeyton Manning, b. 1976
70.4%
CLOIN FRALLERColin Farrell, b. 1976
65.7%
TOURYENK SANDHARKIAKourtney Kardashian, b. 1979
60.1%
IMEJA VOILERJamie Oliver, b. 1975
56%
HAMAIR CRAYEMariah Carey, b. 1970
54%
ICOPAB SETTERPicabo Street, b. 1971
50.6%
Hint Answer % Correct
SAIL POLESLisa Lopes, b. 1971
50.6%
YARN CARSEETSRyan Seacrest, b. 1974
48.5%
ITON TOTCLELEToni Collette, b. 1972
46.4%
ARICEL SENDAClaire Danes, b. 1979
40.7%
SNOAKA UBIALOksana Baiul, b. 1977
39%
RINE WENARDSErin Andrews, b. 1978
37.1%
SHONTA HUCKERTAshton Kutcher, b. 1978
25.8%
RITHERY RHYNEThierry Henry, b. 1977
25.3%
RICE SINLORDEric Lindros, b. 1973
24.8%
KEMI TRINDMike Dirnt, b. 1972
24.8%

You're not logged in!

Compare scores with friends on all Sporcle quizzes.
Join for Free
OR
Log In

You Might Also Like...

Show Comments

Extras

Top Quizzes Today


Score Distribution

Your Account Isn't Verified!

In order to create a playlist on Sporcle, you need to verify the email address you used during registration. Go to your Sporcle Settings to finish the process.

Report this User

Report this user for behavior that violates our Community Guidelines.

Details: